00933nam a2200241 i 4500001000300000245010700003260008900110300003100199490004100230504002800271650003200299650003200331650004400363650003000407700002600437830003600463020001500499040000800514041000800522080002200530008004100552856009800593bg00aDams, fish and fisheries :bopportunities, challenges and conflict resolution /ced. by Gerd Marmulla. aRome :bFood and Agriculture Organization of the United Nations,c2001e(0429-9345). aV, 166 s. :bil. ;c30 cm.1 aFAO Fisheries Technical Paper ;v419 aBibliogr. przy pracach. 9aRyby słodkowodnexekologia 9aRybołówstwoxzagadnienia 9aZbiorniki wodnexwpływ na środowisko 9aZbiorniki wodnexekologia1 aMARMULLA, Gerd.eRed. aFAO Fisheries Technical Paper ; a9251046948 cBPK0 aeng a574.5:504.4:627.8 s pl f |000 0 pol  uhttp://koha.tu.koszalin.pl/cgi-bin/koha/opac-detail.pl?biblionumber=45928yKatalog online BPK